000 00628nam a22002177a 4500
003 OSt
005 20180823070737.0
008 180823b xxu||||| |||| 00| 0 spa d
020 _a978-0-521-16587-7
040 _cBiblioteca Ernesto Sábato
092 _a901
_bA844
100 _aAssmann, Aleida
245 _aCultural memory and western civilization : functions, media, archives
260 _aCambridge
_bCambridge University press
_c2011
300 _a410 p
500 _aIncludes index
546 _ainglés
650 _aLITERATURA EUROPEA-HISTORIA Y CRITICA
650 _aMEMORIA Y LITERATURA
942 _2ddc
_cBDGR
999 _c32671
_d32671